Roda

Bibliographic Details
Format: Book
Published: Kuala Lumpur : DBP , 1994
Series:Siri ensiklopedia tanya jawab
Subjects:

MARC

LEADER 00000cam a2200000 7i4500
001 0000008252
002 000008998
005 20000330.0
020 |a 9836200967 
090 0 0 |a 030   |b ENS 
245 0 0 |a Roda 
260 |a Kuala Lumpur :   |b DBP ,   |c 1994 
300 |a p.v. :   |b ill. ;   |c 28cm. 
490 0 |a Siri ensiklopedia tanya jawab 
650 0 0 |a Encyclopedias and dictionaries   |x Juvenile literature 
999 |a 0004018   |b BUKU   |c PINJAMAN   |e PERPUSTAKAAN KOMUNITI PETALING JAYA 
999 |a 052735   |b BUKU   |c JUNIOR BOOKS   |e PERPUSTAKAAN KOMUNITI CAW KOTA DAMANSARA 
999 |a 052736   |b BUKU   |c PINJAMAN   |e PERPUSTAKAAN KOMUNITI PETALING JAYA 
999 |a 052737   |b BUKU   |c PINJAMAN   |e PERPUSTAKAAN KOMUNITI PETALING JAYA 
999 |a 054823   |b BUKU   |c JUNIOR BOOKS   |e PERPUSTAKAAN KOMUNITI CAW KOTA DAMANSARA 
999 |a 054824   |b BUKU   |c JUNIOR BOOKS   |e PERPUSTAKAAN KOMUNITI CAW KOTA DAMANSARA